Normal view
MARC view
- التشريعات الاقتصادية -- الأردن -- البنوك -- المالية العامة
Entry Topical Term
001 - CONTROL NUMBER
- control field: 29281
003 - CONTROL NUMBER IDENTIFIER
- control field: JO-AjAnu
005 - DATE AND TIME OF LATEST TRANSACTION
- control field: 20230606074943.0
008 - FIXED-LENGTH DATA ELEMENTS
- fixed length control field: 230606|| aca||aabn | a|a d
040 ## - CATALOGING SOURCE
- Original cataloging agency: JO-AjAnu
- Transcribing agency: JO-AjAnu
150 ## - HEADING--TOPICAL TERM
- Topical term or geographic name entry element: التشريعات الاقتصادية -- الأردن -- البنوك -- المالية العامة
670 ## - SOURCE DATA FOUND
- Source citation: Work cat.: (JO-AjAnu)15030: الطراد ، إسماعيل إبراهيم ، م. مشارك جمعة محمود عباد , author 29280, التشريعات المالية والمصرفية في الأردن : شرح من منظور مالي